| 000 | 00713nam a22001937a 4500 | ||
|---|---|---|---|
| 005 | 20240906132734.0 | ||
| 008 | 240906b ||||| |||| 00| 0 eng d | ||
| 020 | _a9788178127248 | ||
| 040 | _cAIMIT LIBRARY | ||
| 082 |
_21st ed. _a153.94 _bKUMS |
||
| 100 |
_aKumari, Sima. _9178901 |
||
| 245 |
_aUGC-NET management: previous years papers solved paper I II and III / _bprevious years papers solved paper I II and III / _cBy Sima Kumari. |
||
| 250 | _a1st ed. | ||
| 260 |
_aNew Delhi : _bRamesh Publishing House ; _c2017. |
||
| 300 |
_aiv,108,8,8p. ; _bPB _c24 cm |
||
| 650 |
_aUGC-NET Management december 2015 _9178902 |
||
| 650 |
_aUGC-NET Management june 2015 _9178903 |
||
| 942 |
_2ddc _cBK _e1st ed. _k153.94 KUMS |
||
| 999 |
_c231774 _d231774 |
||